L'ile inconnue (Record no. 126100)
[ view plain ]
| 000 -LEADER | |
|---|---|
| fixed length control field | 00465nam a22001457a 4500 |
| 005 - DATE AND TIME OF LATEST TRANSACTION | |
| control field | 20170213082505.0 |
| 008 - FIXED-LENGTH DATA ELEMENTS--GENERAL INFORMATION | |
| fixed length control field | 170213b xxu||||| |||| 00| 0 eng d |
| 050 ## - LIBRARY OF CONGRESS CALL NUMBER | |
| Classification number | PQ2611.A9I6 1906 |
| 100 ## - MAIN ENTRY--PERSONAL NAME | |
| Personal name | Favre de Coulevain, Helene |
| 9 (RLIN) | 28782 |
| 245 ## - TITLE STATEMENT | |
| Title | L'ile inconnue |
| Statement of responsibility, etc | by Favre de Coulevain, Helene and Coulevain, Pierre de |
| 260 ## - PUBLICATION, DISTRIBUTION, ETC. (IMPRINT) | |
| Place of publication, distribution, etc | Paris |
| Name of publisher, distributor, etc | Calmann-Levy |
| Date of publication, distribution, etc | 1906 |
| 300 ## - PHYSICAL DESCRIPTION | |
| Extent | viii, 592p.; |
| Dimensions | 18cm. |
| 700 ## - ADDED ENTRY--PERSONAL NAME | |
| Personal name | Coulevain, Pierre de |
| 9 (RLIN) | 28783 |
| 942 ## - ADDED ENTRY ELEMENTS (KOHA) | |
| Source of classification or shelving scheme | Library of Congress Classification |
| Item type | Monograph ( Printed materials) |
| Withdrawn status | Lost status | Source of classification or shelving scheme | Damaged status | Not for loan | Collection code | Home library | Current library | Shelving location | Date acquired | Total Checkouts | Full call number | Barcode | Date last seen | Price effective from | Koha item type |
|---|---|---|---|---|---|---|---|---|---|---|---|---|---|---|---|
| Library of Congress Classification | Main Collection | ARRUPE LIBRARY | ARRUPE LIBRARY | Main Collection | 13/02/2017 | PQ2611.A9I6 1906 | 46500023620 | 05/07/2018 | 13/02/2017 | SPC |